000 00554nam a22001817a 4500
005 20251108175701.0
008 250721s2018 xx 000 0 ara d
082 1 4 _a813.009/جبو
100 1 _aالجبور، محمد رمضان
245 1 0 _aقراءات في عالم مصطفى القرنة الروائي /
264 1 _aعمان :
_bالمؤلف،
_c2018.
300 _a168ص.
650 1 7 _aالادب العربي
650 1 7 _aالنقد الادبي
650 1 7 _aالروايات العربية
942 _2ddc
_cBK
999 _c139921
_d139921